| 000 | 00794nam a22002417a 4500 | ||
|---|---|---|---|
| 999 |
_c4471 _d4471 |
||
| 003 | AR-CdUCM | ||
| 008 | 190308b ||||| |||| 00| 0 spa d | ||
| 040 |
_aMUNICIPALIDAD PROVINCIAL DEL CUSCO _cBIBLIOTECA MUNICIPAL DEL CUSCO |
||
| 082 |
_a891.038 / _bP98 |
||
| 100 |
_aPushkin, Alexandr S. _914046 |
||
| 245 | _aAntología Clásica del Cuento Ruso / | ||
| 260 |
_aLima : _bTalleres Gráficos Villanueva ; _c1964. |
||
| 300 |
_a256 páginas ; _c21cm |
||
| 505 | _aContenido: Cuentos | ||
| 650 |
_aCuentos rusos _98368 |
||
| 650 |
_aRusia _9499 |
||
| 700 |
_aGogol, Nikolai V. _914047 |
||
| 700 |
_aChejov, Anton P. _914048 |
||
| 700 |
_aStaniukovich, Konstantin M. _914049 |
||
| 710 |
_aInstituto Latinoamericano de Vinculación Cultural _914050 |
||
| 942 |
_2ddc _cLIBROS |
||
| 945 | _anom | ||